[Event "Nuremberg op"]
[Site "Nuremberg"]
[Date "2019.11.16"]
[Round "3"]
[White "Brinkmann, Jorg"]
[Black "Herlt, Klaus"]
[Result "0-1"]
[WhiteElo "1191"]
[BlackElo "1604"]
[PlyCount "110"]
[EventDate "2019.11.15"]
[EventType "swiss"]
[EventRounds "5"]
[EventCountry "GER"]
[SourceTitle "CBM 193 Extra"]
[Source "ChessBase"]
[SourceDate "2020.01.31"]
[SourceVersion "1"]
[SourceVersionDate "2020.01.31"]
[SourceQuality "1"]

1. f4 f5 2. Nf3 Nf6 3. b3 e6 4. Bb2 Be7 5. e3 0-0 6. d3 d5 7. Qe2 Nc6 8. a3 Bd7 9. Nbd2 Ng4 10. 0-0-0 Bf6 11. Nd4 Nxd4 12. exd4 Rc8 13. h3 Nh6 14. Qf2 g6 15. Be2 Nf7 16. Rdg1 Kh8 17. g4 g5 18. h4 gxf4 19. g5 Bg7 20. Qxf4 Qe7 21. Nf3 Rg8 22. h5 h6 23. Nh4 Qd6 24. Ng6+ Kh7 25. Qxd6 Nxd6 26. Ne7 hxg5 27. Nxg8 Rxg8 28. Rg2 Bh6 29. Kb1 g4 30. Bc1 Nb5 31. Bb2 Be3 32. c3 Kh6 33. a4 Nd6 34. Bc1 Bxc1 35. Kxc1 Ne8 36. Kc2 Nf6 37. Rgh2 Rg5 38. Kd2 Rxh5 39. Ke3 Rxh2 40. Rxh2+ Nh5 41. Kf2 Kg5 42. Rh1 Be8 43. Bd1 b6 44. Re1 Bf7 45. Re3 Nf4 46. Kg3 Ng6 47. Re1 Nf4 48. Be2 Nh3 49. Rh1 f4+ 50. Kh2 Bg6 51. Bf1 Nf2 52. Rg1 Bh5 53. Kg2 g3 54. c4 Kh4 55. cxd5 f3# 0-1